000 00297nam a22001097a 4500
082 _a530
_bGOM/D
100 _aK.L.GOMBER, K.L. GOGIA
245 _aPRADEEPS'S FUNDAMENTAL PHYSICS
_bCLASS XI VOL 1
260 _aJALANDHAR
_bPRADEEP PUBLICATIONS
_c2012
650 _aPHYSICS FOR CLASS XI
_zINDIA
942 _cBK
999 _c513
_d513